00560nam a2200181Ia 4500008004000000020001800040082001300058100002400071245003200095250000500127260004900132300001100181650002700192690001300219906001200232999001900244952011500263210210b1974 xxu||||| |||| 00| 0 eng d a0 02 311510 6 a760 BOCA aBOCKUS (H William). aAdvertising graphics. Ed 2. a aNew York.bMacmillan Publishing Co Incc1974 axi,273 aAdvertising Graphics  aThe Arts aSG01631 c113032d113032 00102ddc40708OTHaALbALcSSSd2021-02-17g0.00l0o760 BOCApSG01631r2021-02-17 00:00:00w2021-02-17ySG